000 00930nam a2200217Ia 4500
999 _c36840
_d36840
001 2787
003 GE_BSU
005 20190506131637.0
008 181216s1996||||ge |||||||||||||| ||geo||
040 _cGE_BSU
041 _ageo
080 _a338.22(075.8) ჯ–67
100 _aჯოლია, გურამ.
_9770
245 _aსაერთაშორისო ბიზნესი : სახელმძღვ. უმაღლ. სასწ. სტუდ : წ. 2 /
_cგურამ ჯოლია; რედ : ალექსანდრე კუჭუხიძე
264 _aთბილისი. :
_bიტელექტი ,
_c1996.
300 _a150 გვ ;
_c20 სმ.
541 _h4 ლ. 50 თ
653 _aსაერთაშორისო ბიზნესი
700 _aკუჭუხიძე , ალექსანდრე
_eრედაქტორი
_9771
942 _cBK
_2udc